Normal view
MARC view
Entry Corporate Name
001 - CONTROL NUMBER
- control field: 27320
003 - CONTROL NUMBER IDENTIFIER
- control field: ARRUPE
005 - DATE AND TIME OF LATEST TRANSACTION
- control field: 20161104140742.0
008 - FIXED-LENGTH DATA ELEMENTS
- fixed length control field: 161104|| aca||aabn | a|a d
040 ## - CATALOGING SOURCE
- Original cataloging agency: ARRUPE
- Transcribing agency: ARRUPE
110 ## - HEADING--CORPORATE NAME
- Corporate name or jurisdiction name as entry element: Mamigonian,Beatriz G.
- Relator term: ed.
670 ## - SOURCE DATA FOUND
- Source citation: Work cat.: (ARRUPE)0: Mamigonian,Beatriz G. ed., The human tradition in the black Atlantic, 1500-2000 /, 2010.